Statistics for Cartoon Characters by Silhouette #1

Click here to take the quiz!

General Stats

  • This quiz has been taken 2,524 times
    (2,054 since last reset)
  • The average score is 10 of 12

Answers on the Map

Answers color-coded by a green-red scale on the quiz's map according to % correct below.
 

Answer Stats

Answer% Correct
Mickey Mouse
99%
Shrek
98%
Garfield
97%
Peter Pan
97%
Scooby-Doo
97%
Bart Simpson
94%
Bugs Bunny
93%
Bambi
89%
Donald Duck
87%
Popeye
73%
Kyle Broflovski
55%
Dee Dee
39%

Score Distribution

Percentile by Number Answered

Percent of People with Each Score

Your Score History

You have not taken this quiz since the last reset